000 00873nac a22002417a 4500
001 BR7805810
003 BR-BrBNA
005 20240105114311.0
008 230509b bl.|||m| |||| 00| 0 por d
040 _aBR-BrBNA
_bpor
_cBiblioteca Nacional de Agricultura
072 _aE30
090 _aE30 BR7805810
110 1 _aComissao Estadual de Planejamento Agricola, Rio Branco, AC (Brasil)
_92059
245 1 _aRelatorio trimestral de atividades janeiro/fevereiro/marco 1978 [Comissao Estadual de Planejamento Agricola; Acre; Brasil]
260 3 _aRio Branco, AC (Brasil):
_c1978.
300 _a30 p.
490 _aRelatorio Trimestral - Comissao Estadual de Planejamento Agricola (Brazil)
_v
_x
650 _aDESENVOLVIMENTO AGRICOLA
650 _aPLANEJAMENTO AGRICOLA
650 _aACRE
909 _a202312
_bLúcia Elande
_c55
_dLúcia Elande
942 _2AGRIS
_n0
_cMS
999 _c268553
_d268553